书目信息 |
| 题名: |
全国土地估价师执业资格考试辅导与练习——土地估价理论与方法
|
|
| 作者: | 任浩明 主编 | |
| 分册: | ||
| 出版信息: | 武汉 华中科技大学出版社 2008.04 |
|
| 页数: | 229页 | |
| 开本: | 26cm | |
| 丛书名: | ||
| 单 册: | ||
| 中图分类: | F301.3 | |
| 科图分类: | ||
| 主题词: | 地价--di jia--评估--经济师--资格考试--自学参考资料 | |
| 电子资源: | ||
| ISBN: | 978-7-5609-4473-9 | |
| 000 | 01266nam0 2200241 450 | |
| 001 | 012008898172 | |
| 005 | 20080728162213.95 | |
| 010 | @a978-7-5609-4473-9@dCNY30.00 | |
| 100 | @a20080728d2008 em y0chiy0120 ea | |
| 101 | 0 | @achi |
| 102 | @aCN@b420000 | |
| 105 | @ay z 000yy | |
| 106 | @ar | |
| 200 | 1 | @a全国土地估价师执业资格考试辅导与练习——土地估价理论与方法@Aquan guo tu di gu jia shi zhi ye zi ge kao shi fu dao yu lian xi——tu di gu jia li lun yu fang fa@f任浩明主编@Fren hao ming zhu bian |
| 210 | @a武汉@c华中科技大学出版社@d2008.04 | |
| 215 | @a229页@d26cm | |
| 330 | @a本书严格依据全国土地估价师资格考试大纲编写,主要包括了地价理论、土地估价方法、地上附着物及其它财产评估、土地行业管理等规定内容,在详细全面的理论知识讲解的前提下,编者精心编配了与每章知识相关的典型答疑、例题及习题,最后部分为真题和模拟题,读者在掌握基本知识后可以通过题目提高实践及应试能力。 | |
| 512 | 1 | @a2008全国土地估价师执业资格考试辅导与练习——土地估价理论与方法@A2008 quan guo tu di gu jia shi zhi ye zi ge kao shi fu dao yu lian xi——tu di gu jia li lun yu fang fa |
| 606 | 0 | @a地价@Adi jia@x评估@x经济师@x资格考试@j自学参考资料 |
| 690 | @aF301.3@v4 | |
| 701 | 0 | @a任浩明@Aren hao ming@4主编 |
| 801 | 0 | @aCN@bQSSK@c20080728 |
| 905 | @b731510-12@dF301.3@eR474@f3 | |
| 全国土地估价师执业资格考试辅导与练习——土地估价理论与方法/任浩明主编.-武汉:华中科技大学出版社,2008.04 |
| 229页;26cm |
| ISBN 978-7-5609-4473-9:CNY30.00 |
| 本书严格依据全国土地估价师资格考试大纲编写,主要包括了地价理论、土地估价方法、地上附着物及其它财产评估、土地行业管理等规定内容,在详细全面的理论知识讲解的前提下,编者精心编配了与每章知识相关的典型答疑、例题及习题,最后部分为真题和模拟题,读者在掌握基本知识后可以通过题目提高实践及应试能力。 |
| ● |
| 相关链接 |
|
|
|
正题名:全国土地估价师执业资格考试辅导与练习——
索取号:F301.3/R474
 
预约/预借
| 序号 | 登录号 | 条形码 | 馆藏地/架位号 | 状态 | 备注 |
| 1 | 731510 | 207315109 | 社科库409/409社科库 32排5列2层/ [索取号:F301.3/R474] | 在馆 | |
| 2 | 731511 | 207315118 | 社科库409/409社科库 32排5列2层/ [索取号:F301.3/R474] | 在馆 | |
| 3 | 731512 | 207315127 | 社科库409/409社科库 51排5列5层/ [索取号:F301.3/R474] | 在馆 |